La Universidad de Costa Rica y la Universidad de Kansas: orígenes de sus relaciones académicas /
Se escribe para conmemorar el cuadragésimo aniversario del convenio entre la Universidad de Costa Rica y la Universidad de Kansas. Doc/PAG
Guardado en:
| Hovedforfatter: | |
|---|---|
| Andre forfattere: | |
| Format: | Texto |
| Udgivet: |
San José:
Nuestra Tierra
|
| Fag: | |
| Tags: |
Tilføj Tag
Ingen Tags, Vær først til at tagge denne postø!
|
MARC
| LEADER | 00000 a a2200000 04500 | ||
|---|---|---|---|
| 001 | 18553 | ||
| 003 | |||
| 040 | |||
| 090 | |a 143500 | ||
| 100 | |a Stasinfer, Charles L. | ||
| 245 | |a La Universidad de Costa Rica y la Universidad de Kansas: orígenes de sus relaciones académicas / |c Charles L. Stasinfer | ||
| 260 | |a San José: |b Nuestra Tierra | ||
| 300 | |a 117 p. | ||
| 300 | |b il. | ||
| 520 | |a Se escribe para conmemorar el cuadragésimo aniversario del convenio entre la Universidad de Costa Rica y la Universidad de Kansas. Doc/PAG | ||
| 650 | |a UNIVERSIDADES | ||
| 650 | |a UNIVERSIDAD DE COSTA RICA | ||
| 650 | |a CONVENIOS | ||
| 650 | |a ACUERDOS INTERNACIONALES | ||
| 650 | |a ACUERDOS CULTURALES | ||
| 650 | |a COOPERACION CULTURAL | ||
| 700 | |a Bozzoli de Wille, María Eugenia | ||
| 999 | |c 12017 |d 12017 | ||
